Geschichten vom europäischen Wald

Saved in:
Bibliographic Details
Format: Book
Language:German
Published: [Strasbourg] AGF 1994
Edition:1. Aufl.
Subjects:
Tags: Add Tag
No Tags, Be the first to tag this record!

MARC

LEADER 00000nam a2200000 4500
001 c010191
005 20221205140550.8
041 0 |a ger 
044 |a FR 
245 1 0 |a Geschichten vom europäischen Wald 
250 |a 1. Aufl. 
264 1 |a [Strasbourg]  |b AGF  |c 1994 
300 |a 66 s. 
610 2 0 |a Európa 
610 2 0 |a hospodárstvo lesné 
610 2 0 |a ochrana prírody